000 00370nam a2200145Ia 4500
008 221030s9999 xx 000 0 und d
020 _a8126538591
041 _aEnglish
100 _aV. Hosur
245 0 _aEarthquake Resistant Design of Building Structures
_cby V. Hosur
260 _bWilley Pub.
_aNew Delhi
_c2014
300 _a276
650 _aCivil
942 _cBK
999 _c17744
_d17744